00278nam a2200121Ia 4500008004100000100001500041245001500056260003000071300000900101650002200110942000700132999001700139190216s9999||||xx |||||||||||||| ||und|| aPillai N N 0aCross Belt bNational Book Stallc1987 a134p aMalayalam Nadakam cBK c24364d24364